| 000 | 00532nam a2200181Ia 4500 | ||
|---|---|---|---|
| 003 | GCL | ||
| 008 | 140319s9999 xx 000 0 ara d | ||
| 040 |
_aGCL / _cGCL |
||
| 082 | 0 | 4 |
_a891.55 _bم ت |
| 100 | 1 | _aالرادويانى , محمد بن عمر | |
| 245 | 1 | 0 |
_aترجمان البلاغة / _cالرادويانى , محمد بن عمر |
| 700 | 1 | _aمحمد نورالدين عبدالمنعم | |
| 300 | _a144 ص | ||
| 490 | _a | ||
| 650 | 0 | 4 | _aالادب الفارسى |
| 650 | 0 | 4 | _aالبلاغة |
| 942 |
_2ddc _cBK |
||
| 999 |
_c44864 _d44864 |
||